| 000 | 01257 a2200229 4500 | ||
|---|---|---|---|
| 003 | NUST | ||
| 005 | 20221025182645.0 | ||
| 010 | _a 95053877 | ||
| 020 | _a1558283897 | ||
| 040 | _cNust | ||
| 082 | 0 | 0 | _a006.6,WEI |
| 100 | 1 |
_aWeingarten, Jan. _9101390 |
|
| 245 | 1 | 0 |
_aTeach yourself-- Freelance Graphics 96 / _cJan Weingarten with Katherine MacDonald. |
| 246 | 3 | 0 | _aFreelance Graphics 96 |
| 250 | _a1st ed. | ||
| 260 |
_aNew York, NY : _bMIS:Press, _c1996. |
||
| 300 |
_axx, 427 p. : _bill. (some col.) ; _c24 cm. |
||
| 505 | _aJumpstart (Page-1), Getting to Know Freelance Graphics 96 (Page-37), Working With Smart Maters (Page-69), The ABCs of Text (Page-93), Text Properties –Making It All Look Pretty (Page-129), Working in Outliner View (Page-173), Working with Chart (Page-203), Working With Tables (Page-237), The Art of Objects (Page-257), Using Clip Art and Diagrams (Page-291), Working With Color (Page-315), Polishing up your Presentation (Page-331), Printing Your Presentation (Page-351), Creating a Screen Show (Page-369), Customizing Smart Masters (Page-387), Customizing Your workspace (Page-405). | ||
| 650 | 0 |
_aPresentation graphics software. _999455 |
|
| 700 | 1 |
_aMacDonald, Katherine. _9101391 |
|
| 942 |
_2ddc _cBK _k006.6,WEI |
||
| 999 |
_c179845 _d179845 |
||